| 000 | 01094na a2200277 4500 | ||
|---|---|---|---|
| 001 | 16226 | ||
| 003 | MIRAKIL | ||
| 005 | 20181213155119.0 | ||
| 008 | 161004b tu 000 0 | ||
| 035 | _a16226 | ||
| 040 |
_aMilas _btur _cTR-AnCHP |
||
| 041 | _atur | ||
| 082 |
_a344.01026 _bÇ24 1998 |
||
| 090 | _a344.01026 Ç24 1998 | ||
| 245 |
_aÇalışma yasaları _bİş yasası; sendikalar yasası; toplu iş sözleşmesi, grev ve lokavt yasası; SSK yasası; ilgili tüzük ve yönetmelikler _cTürk Harp-İş Sendikası |
||
| 246 | _aİş yasası; sendikalar yasası; toplu iş sözleşmesi, grev ve lokavt yasası; SSK yasası; ilgili tüzük ve yönetmelikler | ||
| 260 |
_aAnkara _bTürkiye Şeker Sanayi İşçileri Sendikası _c2012 |
||
| 300 |
_a418 s. _c23 sm. |
||
| 650 |
_aHukuk ve mevzuat _zTürkiye |
||
| 650 |
_aÇalışma Yasası _zTürkiye |
||
| 650 |
_aSosyal Sigortalar Yasası _zTürkiye |
||
| 650 |
_aİş hukuku _xHukuk ve mevzuat _zTürkiye |
||
| 651 |
_aTürkiye _xİş hukuku _yHukuk ve mevzuat |
||
| 657 | _aÇalışma hukuku ve mevzuatı | ||
| 942 |
_2ddc _cBKS |
||
| 999 |
_c6785 _d6785 |
||